| 000 | 00881nam a22002417a 4500 | ||
|---|---|---|---|
| 003 | OSt | ||
| 005 | 20250829082905.0 | ||
| 008 | 250829b |||||||| |||| 00| 0 eng d | ||
| 020 | _a978-621-04-0387-9 | ||
| 040 |
_aDWC-Main Lib _cOC |
||
| 082 | _aFil. 401.9 C185 2020 | ||
| 100 | _aLim, Jonna Marie A. | ||
| 245 |
_aA course module for content and pedagogy for the mother tongue/ _cJonna Marie A. Lim [and three others] |
||
| 250 | _aFirst edition | ||
| 260 |
_aSampaloc Manila, Philippines : _bRex Bookstore, _cc2020. |
||
| 300 |
_ax, 146 pages : _billustrations ; _c25cm. |
||
| 504 | _aIncludes bibliographical references and index. | ||
| 650 | _a1. Native language-- Study and teaching -- Philippines. | ||
| 700 | _aAlata, Elen Joy P. | ||
| 700 | _aFerrer, Raphael M. | ||
| 700 | _aSantos, Anna Maria Patricia V. | ||
| 942 |
_2ddc _cBK - FIL _eFirst edition _kFil. _n0 |
||
| 999 |
_c4367 _d4367 |
||